[Event "DVM U20 2018"]
[Site "Osnabrück GER"]
[Date "2018.12.27"]
[Round "1"]
[White "Kasüschke, Lars"]
[Black "Fieberg, Samuel"]
[Result "1-0"]
[Termination "normal"]
[Board "2.2"]
[BlackTitle "FM"]
[WhiteElo "1987"]
[BlackElo "2170"]
[WhiteClock "00:01:18"]
[BlackClock "00:00:38"]
[WhiteTeam "SG Schwäbisch Gmünd"]
[BlackTeam "SG Porz"]
[PlyCount "99"]
[WhiteFideId "12939510"]
[BlackFideId "12901717"]
[EventCountry "GER"]
[EventRounds "7"]
[EventType "team-swiss"]
[EventDate "2018.12.26"]

1. e4 {[%clk 1:30:48]} g6 {[%clk 1:30:52]} 2. d4 {[%clk 1:30:25]} Bg7 {[%clk
1:31:16]} 3. f4 {[%clk 1:29:18]} c6 {[%clk 1:27:57]} 4. Nf3 {[%clk 1:27:45]} d5
{[%clk 1:28:10]} 5. e5 {[%clk 1:21:45]} Nh6 {[%clk 1:27:54]} 6. Be2 {[%clk
1:19:11]} f6 {[%clk 1:20:17]} 7. O-O {[%clk 1:08:54]} Bg4 {[%clk 1:15:48]} 8.
Na3 {[%clk 1:02:09]} O-O {[%clk 1:12:04]} 9. c3 {[%clk 0:58:52]} Nf5 {[%clk
0:51:06]} 10. Nc2 {[%clk 0:57:15]} Qb6 {[%clk 0:45:14]} 11. Kh1 {[%clk
0:51:54]} Nd7 {[%clk 0:31:48]} 12. Nd2 {[%clk 0:40:26]} Bxe2 {[%clk 0:31:50]}
13. Qxe2 {[%clk 0:40:46]} fxe5 {[%clk 0:31:50]} 14. fxe5 {[%clk 0:39:40]} c5
{[%clk 0:30:31]} 15. Nf3 {[%clk 0:33:10]} cxd4 {[%clk 0:30:29]} 16. cxd4 {[%clk
0:31:46]} Rac8 {[%clk 0:29:03]} 17. b3 {[%clk 0:27:31]} Rxc2 {[%clk 0:14:28]}
18. Qxc2 {[%clk 0:27:31]} Nxd4 {[%clk 0:14:54]} 19. Qd1 {[%clk 0:26:43]} Nxe5
{[%clk 0:11:51]} 20. Nxe5 {[%clk 0:22:53]} Rxf1+ {[%clk 0:11:59]} 21. Qxf1
{[%clk 0:23:21]} Bxe5 {[%clk 0:12:20]} 22. Bf4 {[%clk 0:21:49]} Bf6 {[%clk
0:11:22]} 23. Re1 {[%clk 0:20:03]} Nc6 {[%clk 0:10:25]} 24. Qf3 {[%clk
0:16:31]} Qa5 {[%clk 0:09:07]} 25. Rf1 {[%clk 0:15:25]} Nd4 {[%clk 0:08:00]}
26. Qf2 {[%clk 0:14:03]} Qd8 {[%clk 0:04:23]} 27. Qe3 {[%clk 0:10:33]} Nc6
{[%clk 0:02:41]} 28. Bg5 {[%clk 0:06:10]} Bxg5 {[%clk 0:02:10]} 29. Qxg5 {[%clk
0:06:38]} e6 {[%clk 0:01:57]} 30. Qf4 {[%clk 0:06:40]} Qe7 {[%clk 0:01:57]} 31.
h3 {[%clk 0:05:38]} Kg7 {[%clk 0:01:41]} 32. b4 {[%clk 0:03:45]} e5 {[%clk
0:01:33]} 33. Qf2 {[%clk 0:03:46]} a6 {[%clk 0:01:37]} 34. a3 {[%clk 0:03:17]}
e4 {[%clk 0:01:35]} 35. Rd1 {[%clk 0:01:47]} e3 {[%clk 0:01:10]} 36. Qf4 {[%clk
0:01:33]} g5 {[%clk 0:00:45]} 37. Qg4 {[%clk 0:01:52]} Qe5 {[%clk 0:00:34]} 38.
Qd7+ {[%clk 0:02:07]} Qe7 {[%clk 0:00:34]} 39. Qxd5 {[%clk 0:02:07]} e2 {[%clk
0:00:38]} 40. Re1 {[%clk 0:02:34]} Qe3 {[%clk 0:00:34]} 41. Qd7+ {[%clk
0:29:07]} Kg6 {[%clk 0:27:16]} 42. Qxb7 {[%clk 0:15:52]} Nd4 {[%clk 0:26:54]}
43. Qxa6+ {[%clk 0:13:10]} Kh5 {[%clk 0:20:00]} 44. Qa7 {[%clk 0:10:25]} h6
{[%clk 0:06:04]} 45. Rxe2 {[%clk 0:06:30]} Qf4 {[%clk 0:00:45]} 46. Re1 {[%clk
0:03:24]} Kh4 {[%clk 0:00:36]} 47. Qe7 {[%clk 0:01:52]} Nf5 {[%clk 0:01:06]}
48. Qe5 {[%clk 0:01:40]} Ng3+ {[%clk 0:00:58]} 49. Kh2 {[%clk 0:01:10]} Qf2
{[%clk 0:00:38]} 50. Re4+ {[%clk 0:01:18]} 1-0

[Event "DVM U20 2018"]
[Site "Osnabrück GER"]
[Date "2018.12.27"]
[Round "1"]
[White "Ramien, David"]
[Black "Baars, Mario"]
[Result "1/2-1/2"]
[Termination "normal"]
[Board "2.3"]
[WhiteElo "2136"]
[BlackElo "1840"]
[WhiteClock "00:33:03"]
[BlackClock "00:28:36"]
[WhiteTeam "SG Porz"]
[BlackTeam "SG Schwäbisch Gmünd"]
[PlyCount "98"]
[WhiteFideId "12948241"]
[BlackFideId "16200160"]
[EventCountry "GER"]
[EventRounds "7"]
[EventType "team-swiss"]
[EventDate "2018.12.26"]

1. e4 {[%clk 1:30:57]} c6 {[%clk 1:30:48]} 2. Nc3 {[%clk 1:31:17]} d5 {[%clk
1:31:07]} 3. Nf3 {[%clk 1:31:41]} Nf6 {[%clk 1:31:23]} 4. e5 {[%clk 1:31:58]}
Ne4 {[%clk 1:31:45]} 5. Ne2 {[%clk 1:32:12]} Bg4 {[%clk 1:28:38]} 6. d4 {[%clk
1:28:13]} e6 {[%clk 1:15:49]} 7. Nf4 {[%clk 1:06:20]} Ng5 {[%clk 0:57:41]} 8.
Be2 {[%clk 1:03:02]} Nxf3+ {[%clk 0:57:01]} 9. Bxf3 {[%clk 1:03:23]} Bxf3
{[%clk 0:56:00]} 10. Qxf3 {[%clk 1:03:50]} Nd7 {[%clk 0:52:22]} 11. O-O Be7 12.
Qg4 {[%clk 0:56:31]} g6 {[%clk 0:41:29]} 13. Nd3 h5 {[%clk 0:38:40]} 14. Qg3
{[%clk 0:52:40]} Qb6 {[%clk 0:35:23]} 15. Be3 {[%clk 0:40:11]} O-O {[%clk
0:29:25]} 16. Nf4 {[%clk 0:35:07]} Kh7 {[%clk 0:28:30]} 17. Qh3 {[%clk
0:33:47]} Kg7 {[%clk 0:25:45]} 18. c4 {[%clk 0:30:21]} c5 {[%clk 0:15:48]} 19.
Nxd5 {[%clk 0:16:37]} exd5 {[%clk 0:15:55]} 20. Qxd7 {[%clk 0:16:57]} cxd4 21.
Qxe7 {[%clk 0:14:21]} dxe3 {[%clk 0:16:04]} 22. c5 {[%clk 0:12:33]} exf2+
{[%clk 0:13:52]} 23. Rxf2 {[%clk 0:12:57]} Qe6 {[%clk 0:11:03]} 24. Qxb7 {[%clk
0:08:04]} Rfb8 {[%clk 0:06:50]} 25. Qc7 {[%clk 0:08:22]} Rc8 {[%clk 0:07:14]}
26. Qd6 {[%clk 0:08:20]} Rc6 {[%clk 0:06:41]} 27. Qxe6 {[%clk 0:07:42]} Rxe6
{[%clk 0:07:09]} 28. Raf1 {[%clk 0:07:45]} Re7 {[%clk 0:05:54]} 29. Rf6 {[%clk
0:04:57]} Rb8 {[%clk 0:04:08]} 30. b3 Rb5 {[%clk 0:04:17]} 31. c6 {[%clk
0:05:07]} d4 {[%clk 0:02:36]} 32. Rd6 Rbxe5 {[%clk 0:02:34]} 33. Rxd4 {[%clk
0:05:31]} Rc5 {[%clk 0:02:30]} 34. Rd6 Rc7 {[%clk 0:00:45]} 35. Rff6 {[%clk
0:05:22]} a6 {[%clk 0:00:36]} 36. Rd7 {[%clk 0:03:05]} Kxf6 {[%clk 0:00:35]}
37. Rxc7 {[%clk 0:03:33]} Ke6 {[%clk 0:00:50]} 38. Kf2 {[%clk 0:03:53]} Rc2+
{[%clk 0:00:36]} 39. Kf3 {[%clk 0:04:18]} Rxa2 {[%clk 0:00:53]} 40. Rb7 {[%clk
0:03:58]} Rc2 {[%clk 0:00:46]} 41. Rb6 {[%clk 0:03:00]} Kd6 {[%clk 0:28:10]}
42. Rxa6 {[%clk 0:33:17]} Rc3+ {[%clk 0:28:23]} 43. Kf4 {[%clk 0:33:07]} Rxb3
{[%clk 0:28:28]} 44. c7+ {[%clk 0:32:13]} Kxc7 {[%clk 0:28:44]} 45. Ra7+ Kd6
{[%clk 0:29:06]} 46. Rxf7 {[%clk 0:32:45]} Ke6 {[%clk 0:29:20]} 47. Rf8 {[%clk
0:32:40]} Ke7 {[%clk 0:29:04]} 48. Ra8 {[%clk 0:32:59]} Rb4+ {[%clk 0:28:36]}
49. Kf3 {[%clk 0:33:03]} Kf6 1/2-1/2

[Event "DVM U20 2018"]
[Site "Osnabrück GER"]
[Date "2018.12.27"]
[Round "1"]
[White "Reindl, Knut"]
[Black "Sabirov, Ramil"]
[Result "0-1"]
[Termination "normal"]
[Board "2.4"]
[WhiteElo "1857"]
[BlackElo "2066"]
[WhiteClock "00:36:49"]
[BlackClock "00:27:00"]
[WhiteTeam "SG Schwäbisch Gmünd"]
[BlackTeam "SG Porz"]
[PlyCount "88"]
[WhiteFideId "12946753"]
[BlackFideId "12900303"]
[EventCountry "GER"]
[EventRounds "7"]
[EventType "team-swiss"]
[EventDate "2018.12.26"]

1. c4 {[%clk 1:30:58]} c5 {[%clk 1:30:55]} 2. Nf3 {[%clk 1:31:22]} g6 {[%clk
1:31:20]} 3. g3 {[%clk 1:31:49]} Bg7 {[%clk 1:31:46]} 4. Nc3 {[%clk 1:32:14]}
Nc6 {[%clk 1:32:11]} 5. Bg2 {[%clk 1:32:39]} e6 {[%clk 1:32:36]} 6. d4 {[%clk
1:29:43]} cxd4 {[%clk 1:31:25]} 7. Nb5 {[%clk 1:30:07]} d5 {[%clk 1:30:25]} 8.
cxd5 {[%clk 1:29:25]} Qa5+ {[%clk 1:30:52]} 9. Nd2 {[%clk 1:29:30]} Qxb5 {[%clk
1:30:51]} 10. dxc6 {[%clk 1:29:54]} Ne7 {[%clk 1:28:05]} 11. Ne4 {[%clk
1:22:46]} O-O {[%clk 1:24:25]} 12. cxb7 {[%clk 1:17:07]} Bxb7 {[%clk 1:24:07]}
13. O-O {[%clk 1:15:08]} Bd5 {[%clk 1:15:11]} 14. Ng5 {[%clk 1:04:21]} Rfd8
{[%clk 1:00:08]} 15. Bxd5 Rxd5 {[%clk 0:51:32]} 16. Nf3 {[%clk 0:57:32]} h6
{[%clk 0:33:08]} 17. Re1 {[%clk 0:53:24]} Nc6 {[%clk 0:24:50]} 18. a3 {[%clk
0:48:02]} a5 {[%clk 0:23:12]} 19. Rb1 {[%clk 0:46:59]} Rb8 {[%clk 0:19:22]} 20.
Qc2 {[%clk 0:41:44]} Rdd8 {[%clk 0:05:51]} 21. Bd2 {[%clk 0:39:11]} Rdc8 {[%clk
0:05:50]} 22. Qe4 {[%clk 0:36:30]} a4 {[%clk 0:04:17]} 23. Rec1 {[%clk
0:29:51]} e5 {[%clk 0:03:59]} 24. Ne1 {[%clk 0:23:06]} Na5 {[%clk 0:02:16]} 25.
Bb4 {[%clk 0:16:12]} Nb3 {[%clk 0:02:18]} 26. Rd1 {[%clk 0:14:48]} f5 {[%clk
0:02:02]} 27. Qd3 {[%clk 0:13:38]} Qc6 {[%clk 0:02:29]} 28. Qf3 {[%clk
0:12:29]} e4 {[%clk 0:02:32]} 29. Qg2 {[%clk 0:11:59]} Kh7 {[%clk 0:02:42]} 30.
g4 {[%clk 0:11:11]} Qe6 {[%clk 0:03:02]} 31. h3 {[%clk 0:10:53]} Bf6 {[%clk
0:03:09]} 32. Qg3 {[%clk 0:09:30]} Be5 {[%clk 0:02:30]} 33. Qg2 {[%clk
0:09:44]} Rb5 {[%clk 0:02:19]} 34. Kh1 {[%clk 0:09:50]} Bf6 {[%clk 0:02:26]}
35. Qg3 {[%clk 0:09:29]} Be5 {[%clk 0:02:37]} 36. Qg1 {[%clk 0:09:39]} Bb8
{[%clk 0:02:45]} 37. Qg2 {[%clk 0:08:53]} Qe5 {[%clk 0:02:45]} 38. f3 {[%clk
0:07:07]} Qe6 {[%clk 0:02:02]} 39. h4 {[%clk 0:06:12]} Qe5 {[%clk 0:01:46]} 40.
g5 {[%clk 0:06:03]} hxg5 {[%clk 0:02:01]} 41. hxg5 {[%clk 0:06:07]} Kg7 {[%clk
0:28:35]} 42. Kg1 {[%clk 0:36:34]} Rh8 {[%clk 0:28:06]} 43. Kf1 {[%clk
0:36:43]} Rh2 {[%clk 0:26:47]} 44. Qg1 {[%clk 0:36:49]} exf3 {[%clk 0:27:00]}
0-1

[Event "DVM U20 2018"]
[Site "Osnabrück GER"]
[Date "2018.12.27"]
[Round "1"]
[White "Sewald, Kathrin"]
[Black "Lang, Thomas"]
[Result "1-0"]
[Termination "normal"]
[Board "2.5"]
[WhiteElo "1980"]
[BlackElo "1757"]
[WhiteClock "00:28:26"]
[BlackClock "00:25:25"]
[WhiteTeam "SG Porz"]
[BlackTeam "SG Schwäbisch Gmünd"]
[PlyCount "101"]
[WhiteFideId "12964557"]
[BlackFideId "12982520"]
[EventCountry "GER"]
[EventRounds "7"]
[EventType "team-swiss"]
[EventDate "2018.12.26"]

1. e4 {[%clk 1:30:57]} c5 {[%clk 1:30:55]} 2. Nf3 {[%clk 1:31:16]} e6 {[%clk
1:31:19]} 3. d3 {[%clk 1:31:43]} d5 {[%clk 1:31:28]} 4. Nbd2 {[%clk 1:32:08]}
Nc6 {[%clk 1:31:44]} 5. g3 {[%clk 1:32:28]} Nf6 {[%clk 1:31:46]} 6. Bg2 {[%clk
1:32:40]} g6 {[%clk 1:30:00]} 7. O-O {[%clk 1:32:55]} Bg7 {[%clk 1:30:19]} 8.
Re1 {[%clk 1:32:47]} O-O {[%clk 1:29:59]} 9. Qe2 {[%clk 1:29:09]} b6 {[%clk
1:22:33]} 10. Nf1 {[%clk 1:24:42]} Bb7 {[%clk 1:18:32]} 11. e5 {[%clk 1:24:10]}
Nd7 {[%clk 1:18:06]} 12. Bf4 {[%clk 1:23:51]} Qc7 {[%clk 1:12:57]} 13. h4
{[%clk 1:18:35]} Rac8 {[%clk 1:02:59]} 14. N1h2 {[%clk 1:14:57]} Ne7 {[%clk
0:54:13]} 15. Ng4 {[%clk 1:06:59]} Qd8 {[%clk 0:51:09]} 16. Bg5 {[%clk
1:03:26]} Kh8 {[%clk 0:37:03]} 17. Nfh2 {[%clk 0:52:37]} Qe8 {[%clk 0:28:19]}
18. h5 {[%clk 0:47:39]} gxh5 {[%clk 0:25:31]} 19. Nf6 {[%clk 0:47:50]} Bxf6
{[%clk 0:24:59]} 20. exf6 {[%clk 0:48:13]} Rg8 {[%clk 0:17:59]} 21. Qxh5 {[%clk
0:46:08]} Nf5 {[%clk 0:15:34]} 22. Bh3 {[%clk 0:38:49]} Nd4 {[%clk 0:14:58]}
23. Rac1 {[%clk 0:36:54]} Rg6 {[%clk 0:14:24]} 24. c3 {[%clk 0:34:05]} Qg8
{[%clk 0:14:35]} 25. f4 {[%clk 0:33:07]} Nc6 {[%clk 0:13:04]} 26. Ng4 {[%clk
0:29:50]} d4 {[%clk 0:10:41]} 27. Rc2 {[%clk 0:28:13]} dxc3 {[%clk 0:10:30]}
28. bxc3 {[%clk 0:28:32]} Ba6 {[%clk 0:09:35]} 29. Bf1 {[%clk 0:28:39]} e5
{[%clk 0:07:40]} 30. Nh6 {[%clk 0:23:14]} Qf8 {[%clk 0:07:22]} 31. Qh4 {[%clk
0:17:22]} exf4 {[%clk 0:07:32]} 32. Qxf4 {[%clk 0:13:21]} Nd8 {[%clk 0:02:26]}
33. Bh3 {[%clk 0:11:40]} Ne6 {[%clk 0:01:37]} 34. Bxe6 {[%clk 0:11:50]} fxe6
{[%clk 0:01:53]} 35. Rxe6 {[%clk 0:10:45]} Bxd3 {[%clk 0:02:10]} 36. Rd2 {[%clk
0:10:20]} c4 {[%clk 0:02:30]} 37. Rf2 {[%clk 0:08:00]} Rc5 {[%clk 0:01:23]} 38.
Re7 {[%clk 0:04:11]} Rcxg5 {[%clk 0:00:46]} 39. Nf7+ {[%clk 0:04:13]} Qxf7 40.
Rxf7 {[%clk 0:04:32]} Rxg3+ {[%clk 0:01:15]} 41. Kh2 {[%clk 0:04:04]} R3g4
{[%clk 0:28:37]} 42. Rxd7 {[%clk 0:33:32]} Rxf4 {[%clk 0:27:21]} 43. Rxf4
{[%clk 0:33:51]} Rg8 {[%clk 0:27:03]} 44. Rxa7 {[%clk 0:32:46]} Rf8 {[%clk
0:26:18]} 45. Rb7 {[%clk 0:30:23]} Bb1 {[%clk 0:25:48]} 46. a3 {[%clk 0:30:00]}
Rd8 {[%clk 0:25:10]} 47. Rd4 {[%clk 0:28:33]} Re8 {[%clk 0:25:01]} 48. Rxb6
{[%clk 0:27:38]} Re2+ {[%clk 0:25:17]} 49. Kg3 {[%clk 0:27:48]} Re3+ {[%clk
0:25:18]} 50. Kf4 {[%clk 0:28:02]} Re4+ {[%clk 0:25:25]} 51. Rxe4 {[%clk
0:28:26]} 1-0

[Event "DVM U20 2018"]
[Site "Osnabrück GER"]
[Date "2018.12.27"]
[Round "1"]
[White "Reindl, Jork"]
[Black "Quinones-Maletti, Julio Guillermo"]
[Result "0-1"]
[Termination "normal"]
[Board "2.6"]
[WhiteElo "1654"]
[BlackElo "2029"]
[WhiteClock "00:06:01"]
[BlackClock "00:12:30"]
[WhiteTeam "SG Schwäbisch Gmünd"]
[BlackTeam "SG Porz"]
[PlyCount "56"]
[WhiteFideId "16200152"]
[BlackFideId "1462318"]
[EventCountry "GER"]
[EventRounds "7"]
[EventType "team-swiss"]
[EventDate "2018.12.26"]

1. e4 {[%clk 1:30:57]} c5 {[%clk 1:30:52]} 2. Nf3 {[%clk 1:31:20]} d6 {[%clk
1:31:13]} 3. d4 {[%clk 1:31:32]} cxd4 {[%clk 1:31:33]} 4. Nxd4 {[%clk 1:31:48]}
Nf6 {[%clk 1:31:48]} 5. Nc3 {[%clk 1:31:38]} a6 {[%clk 1:32:09]} 6. Be3 {[%clk
1:30:48]} e5 {[%clk 1:32:29]} 7. Nb3 {[%clk 1:31:04]} Be6 {[%clk 1:32:51]} 8.
Be2 {[%clk 1:28:53]} Be7 {[%clk 1:31:35]} 9. O-O {[%clk 1:25:54]} Nbd7 {[%clk
1:30:05]} 10. f3 {[%clk 1:13:07]} b5 {[%clk 1:23:11]} 11. a3 {[%clk 1:08:37]}
O-O {[%clk 1:22:40]} 12. Nc1 {[%clk 0:50:12]} Nb6 {[%clk 1:16:09]} 13. Bxb6
{[%clk 0:39:59]} Qxb6+ {[%clk 1:16:23]} 14. Kh1 {[%clk 0:40:14]} Rfd8 {[%clk
1:03:45]} 15. Bd3 {[%clk 0:32:41]} Rac8 {[%clk 0:48:20]} 16. Nb3 {[%clk
0:26:42]} d5 {[%clk 0:45:58]} 17. Qe1 {[%clk 0:20:22]} dxe4 {[%clk 0:43:02]}
18. Bxe4 {[%clk 0:18:51]} Nxe4 {[%clk 0:39:48]} 19. Qxe4 {[%clk 0:18:45]} f6
{[%clk 0:23:36]} 20. Rfe1 {[%clk 0:14:21]} a5 {[%clk 0:20:10]} 21. a4 {[%clk
0:10:23]} b4 {[%clk 0:17:17]} 22. Nb5 {[%clk 0:10:41]} Bd5 {[%clk 0:14:00]} 23.
Qe2 {[%clk 0:10:02]} Rc6 {[%clk 0:11:31]} 24. Rac1 {[%clk 0:07:40]} Bc4 {[%clk
0:11:46]} 25. Qe3 {[%clk 0:06:45]} Qxe3 {[%clk 0:11:48]} 26. Rxe3 {[%clk
0:07:08]} Bxb3 {[%clk 0:12:13]} 27. Rxb3 {[%clk 0:07:29]} Rxc2 {[%clk 0:12:36]}
28. Rg1 {[%clk 0:06:01]} Bc5 {[%clk 0:12:30]} 0-1

[Event "DVM U20 2018"]
[Site "Osnabrück GER"]
[Date "2018.12.27"]
[Round "1"]
[White "Geltz, Noah"]
[Black "Flüchter, Gregor"]
[Result "0-1"]
[Termination "normal"]
[Board "3.1"]
[WhiteElo "1991"]
[BlackElo "2157"]
[WhiteClock "00:31:10"]
[BlackClock "00:30:41"]
[WhiteTeam "SF HN-Biberach 1978 e.V."]
[BlackTeam "SF Brackel"]
[PlyCount "86"]
[WhiteFideId "16224256"]
[BlackFideId "12903396"]
[EventCountry "GER"]
[EventRounds "7"]
[EventType "team-swiss"]
[EventDate "2018.12.26"]

1. Nf3 {[%clk 1:30:54]} d5 {[%clk 1:30:50]} 2. c4 {[%clk 1:31:07]} d4 {[%clk
1:28:15]} 3. d3 {[%clk 1:31:07]} Nc6 {[%clk 1:26:54]} 4. g3 {[%clk 1:30:59]} e5
{[%clk 1:26:20]} 5. Bg2 {[%clk 1:31:13]} Nf6 {[%clk 1:10:55]} 6. O-O {[%clk
1:28:57]} a5 {[%clk 1:10:42]} 7. e4 {[%clk 1:15:15]} Be7 {[%clk 0:45:04]} 8.
Na3 {[%clk 1:04:29]} Bxa3 {[%clk 0:37:52]} 9. bxa3 {[%clk 1:04:45]} O-O {[%clk
0:38:06]} 10. Rb1 {[%clk 1:04:39]} b6 {[%clk 0:36:32]} 11. h3 {[%clk 0:54:59]}
Nd7 {[%clk 0:33:24]} 12. Nh2 {[%clk 0:53:25]} Rb8 {[%clk 0:28:21]} 13. f4
{[%clk 0:38:14]} exf4 {[%clk 0:28:37]} 14. gxf4 {[%clk 0:38:30]} Nc5 {[%clk
0:28:09]} 15. Rf3 {[%clk 0:36:29]} Ne7 {[%clk 0:14:12]} 16. f5 {[%clk 0:31:13]}
f6 {[%clk 0:13:48]} 17. Rg3 {[%clk 0:30:25]} Kh8 {[%clk 0:11:42]} 18. Qh5
{[%clk 0:25:52]} Nc6 {[%clk 0:07:42]} 19. Bf4 {[%clk 0:12:39]} Bd7 {[%clk
0:07:06]} 20. Bf1 {[%clk 0:10:30]} Qe7 {[%clk 0:06:08]} 21. Bxc7 {[%clk
0:10:28]} Be8 {[%clk 0:06:27]} 22. Qh4 {[%clk 0:07:28]} Qxc7 {[%clk 0:06:49]}
23. Rb2 {[%clk 0:07:49]} Ne5 {[%clk 0:06:20]} 24. Rbg2 {[%clk 0:07:54]} b5
{[%clk 0:05:01]} 25. Ng4 {[%clk 0:07:17]} Nxg4 {[%clk 0:04:05]} 26. Rxg4 {[%clk
0:07:41]} Rb7 {[%clk 0:03:40]} 27. cxb5 {[%clk 0:07:09]} Bxb5 {[%clk 0:03:29]}
28. R4g3 {[%clk 0:05:24]} Qe5 {[%clk 0:02:43]} 29. Rf3 {[%clk 0:03:41]} Ba4
{[%clk 0:01:59]} 30. Qe1 {[%clk 0:03:15]} Ra8 {[%clk 0:01:16]} 31. h4 {[%clk
0:03:11]} Be8 {[%clk 0:01:19]} 32. h5 {[%clk 0:02:26]} h6 {[%clk 0:00:59]} 33.
Qh4 {[%clk 0:02:26]} Raa7 {[%clk 0:00:42]} 34. Rfg3 {[%clk 0:02:21]} Rb1 {[%clk
0:00:53]} 35. Qg4 {[%clk 0:02:09]} Qc7 {[%clk 0:00:42]} 36. Qh4 {[%clk
0:01:56]} Qe5 {[%clk 0:00:50]} 37. Qg4 {[%clk 0:01:56]} Rbb7 {[%clk 0:00:43]}
38. Kh2 {[%clk 0:01:37]} Na4 {[%clk 0:00:58]} 39. Kh3 {[%clk 0:01:49]} Rb2
{[%clk 0:00:50]} 40. Qd1 {[%clk 0:01:22]} Rxg2 {[%clk 0:00:38]} 41. Bxg2 {[%clk
0:01:29]} Nc3 {[%clk 0:00:31]} 42. Qc2 {[%clk 0:30:54]} Bxh5 {[%clk 0:30:52]}
43. Qb3 {[%clk 0:31:10]} Ne2 {[%clk 0:30:41]} 0-1

[Event "DVM U20 2018"]
[Site "Osnabrück GER"]
[Date "2018.12.27"]
[Round "1"]
[White "Knudsen, Simon"]
[Black "Triantafillidis, Simeon"]
[Result "1-0"]
[Termination "normal"]
[Board "3.2"]
[WhiteElo "2206"]
[BlackElo "1955"]
[WhiteClock "00:41:08"]
[BlackClock "00:08:45"]
[WhiteTeam "SF Brackel"]
[BlackTeam "SF HN-Biberach 1978 e.V."]
[PlyCount "77"]
[WhiteFideId "12985546"]
[BlackFideId "12953113"]
[EventCountry "GER"]
[EventRounds "7"]
[EventType "team-swiss"]
[EventDate "2018.12.26"]

1. e4 {[%clk 1:30:54]} e5 {[%clk 1:30:53]} 2. Nf3 {[%clk 1:31:03]} Nc6 {[%clk
1:31:02]} 3. Bc4 {[%clk 1:30:03]} Nf6 {[%clk 1:29:54]} 4. Ng5 {[%clk 1:30:24]}
d5 {[%clk 1:30:06]} 5. exd5 {[%clk 1:30:46]} Na5 {[%clk 1:30:24]} 6. Bb5+
{[%clk 1:31:10]} c6 {[%clk 1:30:46]} 7. dxc6 {[%clk 1:31:36]} bxc6 {[%clk
1:31:05]} 8. Be2 {[%clk 1:32:01]} h6 {[%clk 1:29:42]} 9. Nh3 {[%clk 1:32:26]}
Bc5 {[%clk 1:09:20]} 10. Nc3 {[%clk 1:24:42]} Bxh3 {[%clk 0:48:17]} 11. gxh3
{[%clk 1:25:06]} Qd4 {[%clk 0:47:55]} 12. O-O {[%clk 1:23:05]} Qh4 {[%clk
0:44:36]} 13. Bf3 {[%clk 1:17:49]} Qxh3 {[%clk 0:37:49]} 14. d3 {[%clk
1:17:49]} Bd6 {[%clk 0:37:28]} 15. Ne4 {[%clk 1:08:07]} Nxe4 {[%clk 0:35:36]}
16. Bxe4 {[%clk 1:08:27]} O-O {[%clk 0:34:20]} 17. Qf3 {[%clk 1:05:44]} Qxf3
{[%clk 0:33:39]} 18. Bxf3 {[%clk 1:06:08]} Rab8 {[%clk 0:33:21]} 19. Re1 {[%clk
0:59:16]} c5 {[%clk 0:27:04]} 20. Bd2 {[%clk 0:52:26]} Nb7 {[%clk 0:23:40]} 21.
Bc3 {[%clk 0:52:49]} Rfe8 {[%clk 0:23:09]} 22. Bd5 {[%clk 0:46:20]} Kf8 {[%clk
0:18:03]} 23. Re4 {[%clk 0:44:27]} Nd8 {[%clk 0:18:16]} 24. Ra4 {[%clk
0:44:30]} Re7 {[%clk 0:18:28]} 25. Re1 {[%clk 0:44:42]} f6 {[%clk 0:18:37]} 26.
Ree4 {[%clk 0:44:12]} Rc8 {[%clk 0:15:20]} 27. Ra6 {[%clk 0:43:20]} Bb8 {[%clk
0:14:45]} 28. Rc4 {[%clk 0:42:59]} Nb7 {[%clk 0:13:50]} 29. b4 {[%clk 0:42:43]}
Nd6 {[%clk 0:14:02]} 30. Rxc5 {[%clk 0:39:46]} Rxc5 {[%clk 0:13:14]} 31. bxc5
{[%clk 0:40:11]} Nb5 {[%clk 0:13:12]} 32. Ba5 {[%clk 0:38:24]} Nc7 {[%clk
0:12:26]} 33. Bxc7 {[%clk 0:38:47]} Rxc7 {[%clk 0:12:45]} 34. Ra5 {[%clk
0:39:05]} Ke7 {[%clk 0:11:43]} 35. Rb5 {[%clk 0:39:30]} Rc8 {[%clk 0:09:05]}
36. Rb7+ {[%clk 0:39:53]} Kf8 {[%clk 0:09:17]} 37. c4 {[%clk 0:40:18]} a5
{[%clk 0:08:29]} 38. Rf7+ {[%clk 0:40:43]} Ke8 {[%clk 0:08:45]} 39. Rxg7 {[%clk
0:41:08]} 1-0

[Event "DVM U20 2018"]
[Site "Osnabrück GER"]
[Date "2018.12.27"]
[Round "1"]
[White "Arns, Alexander"]
[Black "Korten, Lando"]
[Result "0-1"]
[Termination "normal"]
[Board "3.3"]
[WhiteElo "1920"]
[BlackElo "2100"]
[WhiteClock "00:06:15"]
[BlackClock "00:38:33"]
[WhiteTeam "SF HN-Biberach 1978 e.V."]
[BlackTeam "SF Brackel"]
[PlyCount "94"]
[WhiteFideId "12944009"]
[BlackFideId "12989606"]
[EventCountry "GER"]
[EventRounds "7"]
[EventType "team-swiss"]
[EventDate "2018.12.26"]

1. c4 {[%clk 1:30:56]} Nf6 {[%clk 1:30:55]} 2. g3 {[%clk 1:31:19]} g6 {[%clk
1:31:20]} 3. Bg2 {[%clk 1:31:32]} Bg7 {[%clk 1:31:44]} 4. Nc3 {[%clk 1:31:53]}
O-O {[%clk 1:32:06]} 5. d3 {[%clk 1:31:16]} d6 {[%clk 1:31:13]} 6. Rb1 {[%clk
1:31:30]} e5 {[%clk 1:30:42]} 7. b4 {[%clk 1:29:07]} Nc6 {[%clk 1:26:39]} 8. b5
{[%clk 1:27:47]} Ne7 {[%clk 1:26:27]} 9. Nf3 {[%clk 1:25:23]} Rb8 {[%clk
1:25:50]} 10. O-O {[%clk 1:20:42]} h6 {[%clk 1:25:44]} 11. Qa4 {[%clk 1:09:30]}
b6 {[%clk 1:20:21]} 12. Bb2 {[%clk 0:53:20]} Be6 {[%clk 1:20:14]} 13. Qb4
{[%clk 0:50:05]} Nd7 {[%clk 1:17:31]} 14. a4 {[%clk 0:47:00]} f5 {[%clk
1:16:25]} 15. a5 {[%clk 0:44:46]} g5 {[%clk 1:15:00]} 16. axb6 {[%clk 0:41:40]}
axb6 {[%clk 1:09:20]} 17. Nd2 {[%clk 0:37:07]} Ng6 {[%clk 1:06:52]} 18. Ra1
{[%clk 0:35:26]} h5 {[%clk 1:05:13]} 19. Ra7 {[%clk 0:32:13]} h4 {[%clk
1:04:22]} 20. Rfa1 {[%clk 0:27:37]} hxg3 {[%clk 1:02:48]} 21. hxg3 {[%clk
0:24:49]} Nc5 {[%clk 1:01:47]} 22. Ra8 {[%clk 0:20:05]} Rxa8 {[%clk 0:55:52]}
23. Rxa8 {[%clk 0:20:26]} Qxa8 {[%clk 0:56:20]} 24. Bxa8 {[%clk 0:20:44]} Rxa8
{[%clk 0:56:47]} 25. Nb3 {[%clk 0:15:22]} Nd7 {[%clk 0:49:28]} 26. Na4 {[%clk
0:07:01]} f4 {[%clk 0:48:09]} 27. Kg2 {[%clk 0:05:29]} Bf8 {[%clk 0:42:02]} 28.
Nd2 {[%clk 0:02:50]} Be7 {[%clk 0:41:55]} 29. d4 {[%clk 0:01:41]} Kf7 {[%clk
0:41:38]} 30. e3 {[%clk 0:00:58]} d5 {[%clk 0:36:35]} 31. c5 {[%clk 0:00:38]}
e4 {[%clk 0:36:52]} 32. exf4 {[%clk 0:00:39]} gxf4 {[%clk 0:37:14]} 33. gxf4
Nxf4+ {[%clk 0:37:35]} 34. Kg3 {[%clk 0:00:32]} Rg8+ {[%clk 0:37:48]} 35. Kh2
{[%clk 0:00:32]} Rh8+ {[%clk 0:35:21]} 36. Kg1 {[%clk 0:01:01]} Rg8+ {[%clk
0:33:49]} 37. Kh1 {[%clk 0:01:08]} Bh3 {[%clk 0:34:09]} 38. Qb3 {[%clk
0:00:35]} Nf6 {[%clk 0:29:15]} 39. f3 {[%clk 0:00:32]} Nd3 {[%clk 0:29:08]} 40.
Nxe4 {[%clk 0:00:34]} Nxe4 {[%clk 0:25:40]} 41. Qxd5+ {[%clk 0:28:04]} Kf8
{[%clk 0:55:55]} 42. Qa8+ {[%clk 0:27:11]} Kg7 {[%clk 0:55:27]} 43. Qc6 {[%clk
0:16:01]} Nef2+ {[%clk 0:54:42]} 44. Kh2 {[%clk 0:16:00]} Kh7 {[%clk 0:51:37]}
45. f4 {[%clk 0:15:12]} Nxf4 {[%clk 0:42:47]} 46. cxb6 {[%clk 0:09:17]} Bd6
{[%clk 0:38:33]} 47. Qc2+ {[%clk 0:06:15]} N4d3# 0-1